000 nam a22 7a 4500
999 _c10825
_d10825
008 180226b ||||| |||| 00| 0 eng d
100 _aCBSE
_96658
245 _aEnglish -X
260 _aNew Delhi
_bB, P, H Publication
_c2015